Statistics for Random City to Country

Click here to take the quiz!

General Stats

  • This quiz has been taken 45 times
  • The average score is 9 of 10

Answer Stats

CityCountry% Correct
Buenos AiresArgentina
100%
Rio de JaneiroBrazil
100%
St. PetersburgRussia
100%
ManchesterUnited Kingdom
100%
AtlantaUnited States of America
100%
MunichGermany
98%
AlexandriaEgypt
95%
UlaanbaatarMongolia
90%
DakarSenegal
83%
BrazzavilleRepublic of the Congo
78%

Score Distribution

Percentile by Number Answered

Percent of People with Each Score

Your Score History

You have not taken this quiz